Statistiken für 45 Europäische Länder, 45 Städte

Klicken Sie hier um das Quiz zu spielen!

Allgemein

  • Dieses Quiz wurde 5,015 mal gespielt
  • Das Durchschnittsergebnis liegt bei 25 aus 45

Antwortstatistiken

Stadt Land % Korrekt
DeutschlandHamburgDeutschland
100%
ÖsterreichSalzburgÖsterreich
96%
MonacoMonacoMonaco
95%
VatikanstadtVatikanstadtVatikanstadt
90%
SchweizBaselSchweiz
90%
SpanienValenciaSpanien
88%
NiederlandeMaastrichtNiederlande
88%
PolenKrakauPolen
87%
RusslandWolgogradRussland
84%
Vereinigtes KönigreichPlymouthVereinigtes Königreich
82%
IslandReykjanesbærIsland
81%
FrankreichLe HavreFrankreich
81%
ItalienBolognaItalien
80%
BelgienLüttichBelgien
79%
NorwegenTrondheimNorwegen
73%
NordmazedonienSkopjeNordmazedonien
72%
KroatienSplitKroatien
71%
SchwedenUppsalaSchweden
70%
IrlandLimerickIrland
65%
LiechtensteinSchellenbergLiechtenstein
50%
PortugalFunchalPortugal
49%
UkraineLwiwUkraine
49%
DänemarkRoskildeDänemark
48%
SlowakeiKošiceSlowakei
44%
LuxemburgEsch-sur-AlzetteLuxemburg
42%
LitauenKaunasLitauen
41%
UngarnDebrecenUngarn
39%
FinnlandRovaniemiFinnland
38%
SerbienNovi SadSerbien
37%
EstlandHaapsaluEstland
36%
SlowenienNovo MestoSlowenien
33%
AndorraEl SerratAndorra
32%
RumänienConstanțaRumänien
32%
TschechienOstrauTschechien
32%
San MarinoMontegiardinoSan Marino
31%
GriechenlandKalamataGriechenland
31%
BulgarienWarnaBulgarien
30%
LettlandDaugavpilsLettland
29%
WeißrusslandWizebskWeißrussland
28%
MoldawienTiraspolMoldawien
24%
KosovoMitrovicaKosovo
23%
MaltaSliemaMalta
22%
AlbanienElbasanAlbanien
21%
BosnienZenicaBosnien und Herzegowina
21%
MontenegroPljevljaMontenegro
20%

Verteilung der Resultate

Perzentil nach korrekt beantworteten Fragen

Anzahl Personen mit jedem Resultat

Ihre Resultats-Entwicklung

Sie haben dieses Quiz noch nicht gespielt